000 01270 am a2200397 a 4500
005 20240626121920.0
008 100304s1996||||ag a f |||| 001 0 spa d
020 _a9500601508
041 _aspa
092 _c611.91
_l8
_sBOU
100 1 _aBouchet, Alain.
_9104
245 _aAnatomía Descriptiva, Topográfica y Funcional.
_bCara, Cabeza y Órganos de los Sentidos /
_cAlain Bouchet
250 _a1a ed.
_bTraducción Ernesto Brik ; Germán Niedfeld y Antonio Méndez Anell
260 _aBuenos Aires:
_bEditorial Médica Panamericana;
_c1996.
300 _a283 p.
500 _aBouchet, A. y Cuilleret, J. (1996). Anatomía descriptiva, topográfica y funcional. Cara,cabeza y órganos de los sentidos. (1a ed.). Buenos Aires : Editorial Médica Panamericana.
653 _aCara
653 _aCabeza
653 _aOrgano de los sentidos
653 _aHuesos de la cara
653 _aRegiones masticatoria y bucal
653 _aRegiones superficiales de la cara
653 _aOlfacción
653 _aVisión
653 _aAudición
700 1 _aCuilleret, Jacques
_9105
930 _a102
930 _a103
930 _a139
930 _a631
930 _a632
930 _a633
930 _a634
930 _a635
942 _2ddc
_cBK
_02
999 _c28
_d28